Statistics for Most Populous cities in countries A-Z

Click here to take the quiz!

General Stats

  • This quiz has been taken 85 times
  • The average score is 17 of 23

Answer Stats

LetterPopulation*City% Correct
J37.75Tokyo - Yokohama
92%
F10.86Paris
91%
U23.65New York City
90%
R16.17Moscow
85%
C23.42Shanghai
83%
Y2.98Sana'a
82%
B20.37São Paulo
81%
I30.09Jakarta
81%
A14.79Buenos Aires
78%
O0.77Muscat
77%
V8.96Ho Chi Minh City
76%
M20.06Mexico City
76%
Z2.20Harare
76%
N13.12Lagos
74%
Q1.56Doha
73%
K4.74Nairobi
72%
E15.60Cairo
71%
S26.64Seoul
67%
P24.12Manila
64%
H2.33Port-au-Prince
63%
T15.00Bangkok
56%
D11.59Kinshasa
46%
L2.20Beirut
26%

Score Distribution

Percentile by Number Answered

Percent of People with Each Score

Your Score History

You have not taken this quiz